Современная русская идиоматика: учебное пособие для иностранцев, изучающих русский язык

Bibliographic Details
Main Author: Минакова Е. Е. Елена Евгеньевна
Summary:Предлагаемое пособие по современной русской идиоматике адресовано иностранным учащимся продвинутого этапа обучения и может быть использовано как на семинарах по практической фразеологии и идиоматике, так и для самостоятельной работы. В пособие вошли 125 наиболее употребительных, «живых» идиом русского языка. Пособие состоит из восьми разделов и заключительной части с обобщающими и повторительными упражнениями. Каждый раздел содержит диалоги, позволяющие точно представить себе коммуникативную ситуацию употребления идиом, упражнения, а также приложение с семантическим толкованием фразеологических единиц. В конце пособия приводится историко-этимологическое толкование отдельных фразеологических единиц, ключи к упражнениям, которые позволяют использовать пособие для самостоятельной работы, и алфавитный указатель включённых в пособие идиом.
Language:Russian
Published: Москва, Русский язык. Курсы, 2005
Subjects:
Format: Book
KOHA link:https://koha.lib.tpu.ru/cgi-bin/koha/opac-detail.pl?biblionumber=128756

MARC

LEADER 00000nam0a2200000 4500
001 128756
005 20231031133059.0
010 |a 5883371019 
035 |a (RuTPU)RU\TPU\book\139344 
090 |a 128756 
100 |a 20080114d2005 m y0rusy50 ca 
101 0 |a rus 
102 |a RU 
105 |a y j 001zy 
200 1 |a Современная русская идиоматика  |e учебное пособие для иностранцев, изучающих русский язык  |f Е. Е. Минакова 
210 |a Москва  |c Русский язык. Курсы  |d 2005 
215 |a 136 с. 
320 |a Алфавитный указатель идиом: с. 127-130. 
330 |a Предлагаемое пособие по современной русской идиоматике адресовано иностранным учащимся продвинутого этапа обучения и может быть использовано как на семинарах по практической фразеологии и идиоматике, так и для самостоятельной работы. В пособие вошли 125 наиболее употребительных, «живых» идиом русского языка. Пособие состоит из восьми разделов и заключительной части с обобщающими и повторительными упражнениями. Каждый раздел содержит диалоги, позволяющие точно представить себе коммуникативную ситуацию употребления идиом, упражнения, а также приложение с семантическим толкованием фразеологических единиц. В конце пособия приводится историко-этимологическое толкование отдельных фразеологических единиц, ключи к упражнениям, которые позволяют использовать пособие для самостоятельной работы, и алфавитный указатель включённых в пособие идиом. 
610 1 |a русский язык 
610 1 |a русский как иностранный 
610 1 |a лексика 
610 1 |a идиомы 
610 1 |a идиоматика 
610 1 |a упражнения 
610 1 |a учебные пособия 
610 1 |a русский для иностранцев 
686 |a Ш141.2-96  |v LBC/SL-A  |2 rubbk 
700 1 |a Минакова  |b Е. Е.  |g Елена Евгеньевна 
801 1 |a RU  |b 63413507  |c 20080114  |g PSBO 
801 2 |a RU  |b 63413507  |c 20221207  |g PSBO 
942 |c BK 
959 |a 2/20080114  |d 11  |e 200,00  |f ЧЗИЛ:1  |f ЯЦ_ИМО:10